| 000 | 00810nam a22002655i 4500 | ||
|---|---|---|---|
| 001 | 12002 | ||
| 003 | ES-MaACL | ||
| 005 | 20250728115737.0 | ||
| 007 | t| | ||
| 008 | 941111s1994 sp ||||0| spa j | ||
| 020 | _a84-8164-003-4 | ||
| 040 |
_aM-BN _bspa _cM-BN |
||
| 080 | _a330.342.14 | ||
| 100 | 1 |
_aAlbarracín, Jesús. _919241 |
|
| 245 | 1 | 3 |
_aLa economía de mercado / _cJesús Albarracín. |
| 250 | _a2ª ed. | ||
| 260 |
_aMadrid : _bTrotta, _c1994. |
||
| 300 |
_a280 p : _bgráf ; _c23 cm. |
||
| 490 | 1 | _aColección Estructuras y procesos. Serie Economía | |
| 504 | _aBibliografía: p. 265-276. | ||
| 650 | 7 |
_aEconomía de mercado _2embne _912025 |
|
| 830 | 0 | 0 |
_aEstructuras y procesos. _pEconomía _9180443 |
| 852 |
_aES-MaACL _jL-19345 _bR.125617 |
||
| 999 |
_c12002 _d12002 |
||